000 01602nam a2200289 4500
001 440
003 OSt
005 20250630135430.0
008 250630b |||||||e |||| 00| f eng d
020 _a8501025976
040 _bpor
041 _hpor
082 _aB869.91
_bA554r
100 1 _aAndrade, Carlos Drummond de,
_d1902-1987
_9968
245 _aA rosa do povo /
_c​Andrade, Carlos Drummond de
250 _a14 ed.
260 _aRio de Janeiro
_bRecord
_c1994
300 _a216 p.
520 _a"Uma poesia marcada pelo momento histórico." É assim que o crítico Antônio Houaiss qualifica a poesia de Carlos Drummond de Andrade reunida em A Rosa do Povo, livro escrito durante a II Guerra Mundial, publicado em 1945 e jamais reeditado isoladamente. Se a sua repercussão na época foi imensa, quase quarenta anos depois podemos dizer que ele não perdeu o vigor da emoção poética e a atualidade nervosa. Saindo de novo a público, A Rosa do Povo propõe o mesmo debate inesgotável sobre a situação do artista no mundo e sua posição em face dos problemas políticos e sociais do seu tempo. Drummond tomou posição e manteve-se fiel a seu ideário, embora reconhecendo a falácia de ilusões que se misturavam a perenes interesses de justiça, liberdade e paz. Ao lado disso, o livro é de intenso lirismo existencial.
650 0 _aLiteratura Brasileira
_9205
650 0 _aSegunda Guerra Mundial na literatura
_9970
650 0 _aPoesias
_9488
650 0 _aCarlos Drummond de Andrade
_9969
655 0 _aPoesia
_9490
655 0 _aNão Ficção
_9102
942 _2ddc
_n0
_cBK
999 _c440
_d440